000 00777nam a2200229 a 4500
001 58702
005 20180714055413.0
008 140415s2011 mx r 000 0 spa d
041 _aspa
082 0 _a344.7201
_bHER
100 1 _aHernández Herrera, Juan,
_eautor
245 0 0 _aDerecho laboral :
_bsu importancia y aplicación en la empresa /
_cJuan Hernández Herrera, Carlos A. Juárez Suárez.
250 _asegunda edición
264 1 _aMéxico :
_bGrupo Editorial Patria,
_c2011
300 _a311 páginas ;
_c25 cm.
336 _atexto
_2rdacontent
337 _asin mediación
_2rdamedia
338 _avolumen
_2rdacarrier
650 4 _aDerecho laboral
_zMéxico
650 4 _aRelaciones laborales
700 1 _aJuárez Suárez, Carlos A.,
_eautor
999 _c58702
_d58702